01395nam a2200265Ia 4500001000600000003000900006008004100015040001300056040001300069041001200082100001600094100002900110240005100139240003500190245004600225245004600271250001100317260001200328260002500340260004900365300005600414500059700470650003101067650003101098B0049IT-RoPAU130308s9999 xx 000 0 und d aIT-RoPAU cIT-RoPAU aINGLESE aRolfo Luigi gCodice Aut. SPICS: 1943 aDON GIACOMO ALBERIONE SEMPRE PROTESO IN AVANTI gCodice Tit. Orig. Spics: 33381 aJames Alberione: a Marvel of This Century bJames Alberione: a Marvel Of This Century a1a ed. aENGLAND bSt Paul Publications c1984 [1° Ed.:1984 - Ed.Ling.Originale:1982] a"170 p. (prefazione: 10; testo: 160 [pagine: 0-0])" a"Giacomo Alberione una meraviglia del Nostro Secolo. breve Storia della Suavita, del suo Tempo e della Sua Opera. Direttore Spirituale in Seminario. Umilissimi inizi di una Grande Opera. Laboriosa Approvazione della Societa'San Paolo. Figlie di San Paolo. inizi della Casa di Roma. Apostolato Dellastampa. Scrivere, Stampare, Diffondere. Periodici Voluti da Don Alberione.Paolini All'Estero. Primi passi nel Cinema. giorni tormentati della Guerra. per Riconoscenza Alla Vergine. Una Volontà che Deve Arrendersi. Documenti Fotografici. Incluso Il Volume ""Pensieri"" Dello Stesso Alberione." aSTUDI SU GIACOMO ALBERIONE eCodice materia Spics: 9902